000 00336nam a22001577a 4500
003 SGT
020 _a978-81-7739-4009
082 _a616.5
_bD16S
100 _aSHRIVASTAVA, S.B.
245 _aTB. OF DERMATOLOGY
250 _a1ST
260 _aINDIA
_bAPC DELHI
_c2016
300 _a355
650 _aDERMATOLOGY
942 _2ddc
_cBK
999 _c18669
_d18669